GETS Theological Seminary Library

The crisis of Israelite religion : (Record no. 46350)

MARC details
000 -LEADER
fixed length control field 01784nam a2200193Ia 4500
008 - FIXED-LENGTH DATA ELEMENTS--GENERAL INFORMATION
fixed length control field 230823s9999 xx 000 0 und d
020 ## - INTERNATIONAL STANDARD BOOK NUMBER
International Standard Book Number 97890041149689004114963
041 ## - LANGUAGE CODE
Language code of text/sound track or separate title eng
050 ## - LIBRARY OF CONGRESS CALL NUMBER
Classification number BM176
Item number .C75 1999
245 #4 - TITLE STATEMENT
Title The crisis of Israelite religion :
Remainder of title transformation of religious tradition in exilic and post-exilic times /
Statement of responsibility, etc. edited by Bob Becking and Marjo C. A. Korpel
260 ## - PUBLICATION, DISTRIBUTION, ETC.
Place of publication, distribution, etc. Leiden ; New York :
Name of publisher, distributor, etc. E. J. Brill,
Date of publication, distribution, etc. 1999
300 ## - PHYSICAL DESCRIPTION
Extent 311 p. :
Other physical details ill. ;
Dimensions 25 cm.
490 ## - SERIES STATEMENT
Series statement Oudtestamentische studiën 
Volume/sequential designation 42
505 ## - FORMATTED CONTENTS NOTE
Formatted contents note Continuity and discontinuity after the exile: some introductory remarks / B. Becking. -- Israel's historical reality after the exile / L.L. Grabbe. -- Exile and restoration in the Book of Chronicles / S. Japhet. -- Niedergang und Neuanfang: Die Haltung der Schlussredaktion des deuteronomistischen Geschichtswerkes zu den wichtigsten Fragen ihrer Zeit / W. Dietrich. -- In the Babylonian exile with J: between judgment in Ezekiel and salvation in second Isaiah / J. van Seters. -- Second Isaiah's coping with the religious crisis: reading Isaiah 40 and 55 / M.C.A. Korpel. -- The valley of dry bones: coping with the reality of the exile in the Book of Ezekiel / M. Dijkstra. -- 'Powerful Persianisms' in Glyptic iconography of Persian period Palestine / C. Uehlinger. -- Paritätische Modelle von männlich und weiblich am Anfang und Ende der Priesterschriftlichen Schöpfungserzählung (Gen. 1:1-2:4a) / H. Schüngel-Straumann. -- Readings in Haggai: from the prophet to the completed book, a changing message in changing times / J.E. Tollington.
650 ## - SUBJECT ADDED ENTRY--TOPICAL TERM
Topical term or geographic name entry element Bible. Old Testament Criticism, interpretation, etc.Bible. O.T. Criticism, interpretation, etc.
700 ## - ADDED ENTRY--PERSONAL NAME
Personal name Becking, Bob
700 ## - ADDED ENTRY--PERSONAL NAME
Personal name Korpel, Marjo C. A.

No items available.

OpacCredits

Contact the Librarian, GETS Library
Email: library@mygets.org









Implemented by GETS Library
(Powered by ETCA Professional Group)
GETS Theological Seminary
412 E. Rowland Street, CA 91723